|
|
|
|
| LEADER |
00000cam a22000004a 4500 |
| 001 |
musev2_85357 |
| 003 |
MdBmJHUP |
| 005 |
20230905052753.0 |
| 006 |
m o d |
| 007 |
cr||||||||nn|n |
| 008 |
060615s2005 cou o 00 0 eng d |
| 020 |
|
|
|a 9780870818554
|
| 020 |
|
|
|z 9781607321859
|
| 020 |
|
|
|z 9780870818134
|
| 035 |
|
|
|a (OCoLC)1247712181
|
| 040 |
|
|
|a MdBmJHUP
|c MdBmJHUP
|
| 100 |
1 |
|
|a Roa-de-la-Carrera, Cristian A.
|
| 245 |
1 |
0 |
|a Histories of Infamy :
|b Francisco López de Gómara and the Ethics of Spanish Imperialism /
|c Cristián A. Roa-de-la-Carrera ; translated by Scott Sessions.
|
| 264 |
|
1 |
|a Boulder :
|b University Press of Colorado,
|c op. 2005.
|
| 264 |
|
3 |
|a Baltimore, Md. :
|b Project MUSE,
|c 2021
|
| 264 |
|
4 |
|c ©op. 2005.
|
| 300 |
|
|
|a 1 online resource (274 pages).
|
| 336 |
|
|
|a text
|b txt
|2 rdacontent
|
| 337 |
|
|
|a computer
|b c
|2 rdamedia
|
| 338 |
|
|
|a online resource
|b cr
|2 rdacarrier
|
| 500 |
|
|
|a Índice.
|
| 500 |
|
|
|a Bibliografía: p. 239-254.
|
| 588 |
|
|
|a Description based on print version record.
|
| 600 |
1 |
7 |
|a Lopez de Gomara, Francisco.
|2 tesbhaecid
|
| 630 |
0 |
7 |
|a Historia general de las Indias.
|2 tesbhaecid
|
| 650 |
0 |
7 |
|a Mexico colonial.
|2 tesbhaecid
|
| 650 |
0 |
7 |
|a Indios de Mexico.
|2 tesbhaecid
|
| 650 |
0 |
7 |
|a Historiografia de Mexico.
|2 tesbhaecid
|
| 650 |
0 |
7 |
|a Descubrimiento y conquista de Mexico.
|2 tesbhaecid
|
| 650 |
0 |
7 |
|a Cronicas.
|2 tesbhaecid
|
| 655 |
|
7 |
|a Electronic books.
|2 local
|
| 710 |
2 |
|
|a Project Muse.
|e distributor
|
| 830 |
|
0 |
|a Book collections on Project MUSE.
|
| 856 |
4 |
0 |
|z Texto completo
|u https://projectmuse.uam.elogim.com/book/85357/
|
| 945 |
|
|
|a Project MUSE - Custom Collection
|